000 00382nam a2200145Ia 4500
008 230917s9999||||xx |||||||||||||| ||und||
040 _e16799
_aMAIN
041 _aEnglish
082 _a519.2 C85E
100 _aCramer, Harald
245 0 _aElements of probability: Theory and some of its applications
260 _aNew York
_bJohn Wiley
_c1955
300 _a281 p.
942 _cBK
999 _c184656
_d184656